| 000 | 005090000a22001690004500 | ||
|---|---|---|---|
| 090 |
_aAR _b00278 |
||
| 245 | 1 | 0 | _aExplotación minera sostenible |
| 650 | 1 | 4 |
_aGeología _993001 |
| 650 | 1 | 4 |
_aUso sostenible de los recursos _993136 |
| 650 | 1 | 4 |
_aMinería _993137 |
| 650 | 1 | 4 |
_aActividades extractivas _99322 |
| 651 | 4 |
_pColombia _992749 |
|
| 041 | 0 | _aEspañol | |
| 100 | 1 |
_aRoa, Edgar Enrique _993134 |
|
| 942 | _cARTICULO | ||
| 773 | 1 |
_tSexto Encuentro Latinoamericano de la Arcilla y la Ceramica _3110 _q1-18 _d1997? |
|
| 999 |
_c9378 _d9378 |
||